| 000 | 00941nam a2200289Ia 4500 | ||
|---|---|---|---|
| 001 | Para_2351 | ||
| 003 | CHAP | ||
| 008 | 220125s1982 xx 000 0 und d | ||
| 010 | _a200640 | ||
| 040 | _cCHAP | ||
| 090 | _aPA FOLLETO 203 | ||
| 100 |
_aPonce González, Francisco _990788 |
||
| 245 |
_aEnfermedades y plagas de la colza Brassica napus L. y B. Campestris L. en los Valles altos de México / _c por Francisco Ponce González |
||
| 260 |
_aChapingo, Méx. : _b UACh. Departamento de Parasitología Agrícola |
||
| 300 | _a59 p. | ||
| 440 |
_aBoletín técnico; 3 _9165511 |
||
| 650 |
_aColza _x enfermedades _925504 |
||
| 650 |
_aColza _x plagas _925510 |
||
| 710 |
_aUACh. Departamento de Parasitología Agrícola _9115877 |
||
| 901 | _aPA FOLLETO 203 | ||
| 902 | _aA | ||
| 905 | _a0000001982 a 0000000000 00 | ||
| 910 | _a1982 | ||
| 942 | _cPARA | ||
| 942 |
_cPARA _d1 |
||
| 999 |
_c200640 _d200640 |
||